Participación ciudadana y políticas sociales del ámbito local /

Wedi'i Gadw mewn:
Manylion Llyfryddiaeth
Prif Awdur: Ziccardi, Alicia
Awduron Corfforaethol: Universidad Autónoma de México. Instituto de Investigaciones Sociales, Consejo Mexicano de Ciencias Sociales Instituto Nacional de Desarrollo Social
Awduron Eraill: coord
Fformat: Texto
Cyhoeddwyd: México, D.F.: UNAM. INDESOL. COMERCSO
Pynciau:
Tagiau: Ychwanegu Tag
Dim Tagiau, Byddwch y cyntaf i dagio'r cofnod hwn!

MARC

LEADER 00000 a a2200000 04500
001 30327
003
040
020 |a 970-32-1811-3  
090 |a 194616  
100 |a Ziccardi, Alicia  
110 |a Universidad Autónoma de México. Instituto de Investigaciones Sociales  
245 |a Participación ciudadana y políticas sociales del ámbito local /  |c Universidad Autónoma de México. Instituto de Investigaciones Sociales  
260 |a México, D.F.:   |b UNAM. INDESOL. COMERCSO  
300 |a 462 p   |b gráficas  
650 |a CIUDADANIA  
650 |a GOBIERNO LOCAL  
650 |a TECNOLOGIA DE LA INFORMACION  
650 |a SOCIEDAD DE LA INFORMACION  
700 |a coord.  
710 |a Consejo Mexicano de Ciencias Sociales   |a Instituto Nacional de Desarrollo Social  
999 |c 8122  |d 8122